Statistics for 2022 Baltimore Ravens Players Colleges

Click here to take the quiz!

General Stats

  • This quiz has been taken 20 times
  • The average score is 53 of 78

Answer Stats

PositionPlayerCollege% Correct
RBKenyan DrakeAlabama
100%
CBMarlon HumphreyAlabama
100%
CBJalyn Armour-DavisAlabama
100%
WRSlade Bolden (IR)Alabama
100%
ILBPatrick QueenLSU
100%
WRBinjimen Victor (PS)Ohio State
100%
RBJK DobbinsOhio State
100%
ILBMalik HarrisonOhio State
100%
OGBen PowersOklahoma
100%
TEMark AndrewsOklahoma
100%
KJustin TuckerTexas
100%
WRDevin DuvernayTexas
100%
QBLamar JacksonLouisville
94%
OLBJeremiah Moon (PS)Florida
88%
WRDemarcus RobinsonFlorida
88%
OTDavid Sharpe (PS)Florida
88%
OLBDavid Ojabo (IR)Michigan
88%
FBBen Mason (PS)Michigan
88%
WRRashod BatemanMinnesota
88%
OTDaniel FaaleleMinnesota
88%
OLBDaelin Hayes (IR)Notre Dame
88%
OTRonnie StanleyNotre Dame
88%
FSKyle HamiltonNotre Dame
88%
OLBBrandon Copeland (PS)Penn
88%
OLBOdafe OwehPenn State
88%
PJordan StoutPenn State
88%
OLBJustin HoustonGeorgia
81%
OGBen ClevelandGeorgia
81%
LSNick MooreGeorgia
81%
SSGeno StoneIowa
81%
CTyler LinderbaumIowa
81%
ILBKristian WelchIowa
81%
FSMarcus WilliamsUtah
81%
QBTyler HuntleyUtah
81%
ILBJosh BynesAuburn
75%
RBJustice HillOklahoma State
75%
WRTylan WallaceOklahoma State
75%
QBAnthony Brown (PS)Oregon
75%
DTJustin MadubuikeTexas A&M
75%
CBMarcus PetersWashington
75%
CBDamarion WilliamsHouston
69%
OLBTyus Bowser (PUP)Houston
69%
ILBAJ KleinIowa State
69%
TECharlie Kolar (IR)Iowa State
69%
RBTyler Badie (PS)Missouri
69%
CTrystan ColonMissouri
69%
CBKevon SeymourUSC
69%
OTMorgan MosesVirginia
69%
DEBrent UrbanVirginia
69%
OLBVince Biegel (IR)Wisconsin
69%
OGKevin ZeitlerWisconsin
69%
TEIsaiah LikelyCoastal Carolina
63%
RBGus Edwards (PUP)Rutgers
63%
RBMike DavisSouth Carolina
63%
CBKyle Fuller (IR)Virginia Tech
63%
SSChuck ClarkVirginia Tech
63%
ILBDel'Shawn PhillipsIllinois
56%
DTBroderick Washington JrTexas Tech
56%
DTTravis JonesUConn
56%
CBBrandon StephensSMU
50%
WRJames ProcheSMU
50%
OTJa'Wuan James (IR)Tennessee
50%
OGKahlil McKenzie (PS)Tennessee
50%
OLBJeremiah Attaochu (PS)Georgia Tech
44%
FBPatrick RicardMaine
38%
CBDaryl WorleyWest Virginia
38%
OTPatrick MekariCalifornia
31%
OLBSteven Means (IR)Buffalo
25%
TENick BoyleDelaware
25%
DECalais CampbellMiami (FL)
19%
OLBJason Pierre-PaulSouth Florida
19%
OGZack Johnson (PS)North Dakota State
13%
TEJosh OliverSan Jose State
13%
WRBailey Gaither (PS)San Jose State
13%
DTIsaiah Mack (PS)Chattanooga
6%
WRRaleigh Webb (PS)Citadel
0%
DTMichael Pierce (IR)Samford
0%
DERayshad Nichols (PS)Stephen F. Austin
0%

Score Distribution

Percentile by Number Answered

Percent of People with Each Score

Your Score History

You have not taken this quiz